000 00542nam a22001697a 4500
005 20120201120027.0
020 _c550.00
_a8174873368
035 _aB-101109
037 _b
_adpl
082 _a030.954
100 _a
_940532
245 1 _aकला और साहित्य कोश /
_c
260 _aदिल्ली
_bराधा पब्लिकेशन्स
_c2004
270 _a
_b
_e
_k
300 _a386पृ.
_c22सेमी (सजिल्द)
942 _adpl
_cHN
_k
_2ddc
_h030.954
_mकलाऔ
999 _c61756
_d61756